000 00444 a2200145 4500
040 _aDLC
_bDLC
082 _a370.78
100 _aKoul, Lokesh
245 _aThe methodology of educational research
_cLokesh KouL
260 _aNew Delhi :
_bVikas Publishing House Pvt. Ltd.,
_c2007.
300 _a xii, 543 p. :
_bill. ;
_c21 cm
500 _aIncludes Index
650 _a.Research.2.Reports--Preparation.3.Education.
942 _cBK
_k370.78 KOU
_2ddc
999 _c7344
_d7344